| 000 | 01320nam a22002537a 4500 | ||
|---|---|---|---|
| 005 | 20211113101432.0 | ||
| 008 | 211113b ||||| |||| 00| 0 eng d | ||
| 020 | _a0470057657 | ||
| 040 | _cAL | ||
| 041 | _aeng | ||
| 082 |
_223 _a954.03 _bGANG |
||
| 100 |
_aRajmohan Gandhi _910313 |
||
| 245 | _aGhaffar Khan: Nonviolent Badsha of the Pakhtuns | ||
| 260 |
_aNew Delhi _bPenguin _c2004 |
||
| 300 |
_axi,300p. _bHB _c19x13 cm. |
||
| 365 |
_b325.00 _c₹ _d325.00 |
||
| 520 |
_aThe unsung hero of the freedom struggle and a true Gandhian to the core who's charisma wasn't diminished even by the fetters of prison or the vagaries of age. We as Indians will always look at him with an apology for our dereliction at a crucial juncture in the history of the subcontinent. A personality of whom each thinking individual must know and Rajmohan Gandhi sir with his in-depth and insightful knowledge of history has done a commendable job of bringing out the biography of a man who truly lives up to his title of Badshah Khan _uhttps://books.google.co.in/books?id=xnTtQrRVNKAC&printsec=copyright&redir_esc=y#v=onepage&q&f=false |
||
| 650 |
_aIndian History _910314 |
||
| 650 |
_aHistory _910315 |
||
| 650 |
_aNationalists _910316 |
||
| 650 |
_aPoliticians _910317 |
||
| 700 |
_aGANDHI (Rajmohan) _910318 |
||
| 942 |
_2ddc _cGF |
||
| 999 |
_c220552 _d220552 |
||